Statistics for Metallica - Welcome Home (Sanitarium)

Click here to take the quiz!

General Stats

  • This quiz has been taken 21 times
  • The average score is 29 of 37

Answer Stats

HintAnswer% Correct
Sanitarum, ___ me beleave
94%
___, leave me beSanitarium
94%
Sanitarium, just leave me ___alone
89%
Sanitarium, just leave me ___alone
89%
Sanitarium, just leave me ___alone
89%
___ the same thing every nightDream
89%
Sleep my ___ and you will seefriend
89%
Kill, it´s such a ___ wordfriendly
89%
Assuring me that I´m ___insane
89%
Fear of ___ onliving
89%
They keep me ___ up in this cagelocked
89%
For ___ out againreaching
89%
That dream is my ___reality
89%
He´s getting better, can´t you ___?tell
89%
No things to make my ___ seem scarredbrain
83%
Cannot ___ the open airbreathe
83%
They think our heads are in their ___hands
83%
Seems the ___ wayonly
83%
Listen, damn it, we will ___win
83%
I see our ___in my sightfreedom
78%
No one ___ and no one willleaves
78%
Natives getting ___ nowrestless
78%
They ___ it right, they ___ it wellsee
78%
But ___ use brings ___ plansviolent
78%
___ to where time stands stillWelcome
78%
No locked doors, no windows ___barred
72%
But they think this ___ us from our hellsaves
72%
Got som ___ to dodeath
67%
Just labeled mentally ___deranged
67%
___ stare back hardMirror
67%
___ in the airMutiny
67%
Build my ___ of whats out therefear
61%
Can´t they see it´s why my brain says "___"rage
61%
___ thing into my brainWhisper
61%
Keep him ___ it makes him welltied
50%
No ___ can they keep us inmore
44%
___ is full, never seems to changeMoon
39%

Score Distribution

Percentile by Number Answered

Percent of People with Each Score

Your Score History

You have not taken this quiz